| 000 | 00635cam a2200205 a 4500 | ||
|---|---|---|---|
| 001 | 000000857 | ||
| 005 | 20200929145427.0 | ||
| 008 | 071115s2001 sp 000 0 spa | ||
| 020 | _a8466304037 | ||
| 040 |
_aDO-SdBNP _cDLC _dDLC |
||
| 082 |
_a823 _bC754l |
||
| 100 | 1 |
_aConrad, Joseph _93046 |
|
| 245 | 1 | 0 |
_aLord Jim / _cJoseph Conrad ; traducción de Ramón de Perés. |
| 260 |
_aMadrid : _bSuma de Letras, _c2001. |
||
| 300 |
_a541 p. ; _c18 cm. |
||
| 440 | 0 |
_aPunto de lectura _v251 _93047 |
|
| 650 | 4 |
_aNovela de ciencia ficción _xBritánica _93048 |
|
| 700 | 1 |
_aPerés, Ramón de _etrad. _93049 |
|
| 910 | _aCatalogación por copia/LC | ||
| 999 |
_c852 _d852 |
||